Bravo - The Hits 2012 - Statistiken

Allgemein
  • Dieses Quiz wurde 262 mal gespielt
  • Das Durchschnittsergebnis liegt bei 17 aus 42
Antwortstatistiken
Song Interpret % Korrekt
Gangnam Style Psy
84%
Tage Wie Diese Die Toten Hosen
80%
Summertime Sadness Lana Del Rey
78%
Payphone Maroon 5 Feat. Wiz Khalifa
77%
Call Me Maybe Carly Rae Jepsen
71%
Easy Cro
71%
Lila Wolken Marteria, Yasha & Miss Platnum
71%
She Wolf (Falling To Pieces) David Guetta Feat. Sia
65%
Heart Skips A Beat Olly Murs Feat. Rizzle Kicks
62%
Somebody That I Used To Know Gotye Feat. Kimbra
61%
Euphoria Loreen
61%
She Doesn't Mind Sean Paul
60%
Paradise Coldplay
59%
The A Team Ed Sheeran
56%
Leider Geil Deichkind
55%
Candy Robbie Williams
50%
Try P!nk
47%
I Follow Rivers Lykke Li (The Magician Remix)
46%
Wild Ones Flo Rida Feat. Sia
42%
Drive By Train
42%
Jar Of Hearts Christina Perri
41%
Little Talks Of Monsters And Men
38%
We Are Young Fun.
36%
Back In Time Pitbull
36%
Ai Se Eu Te Pego (Nossa Nossa) Michel Teló
31%
Balada (Tché Tcherere Tché Tché) Gusttavo Lima
29%
Stardust Lena
29%
Read All About It, Pt. III Emeli Sandé
27%
Too Close Alex Clare
26%
Sonnentanz Klangkarussell
25%
Don't Wake Me Up Chris Brown
24%
Tacata Tacabro
24%
Friends Aura Dione Feat. Rock Mafia
21%
Fast Car Taio Cruz
21%
One Day / Reckoning Song Asaf Avidan & The Mojos (Wankelmut Remix)
20%
Give Me All Your Luvin' Madonna Feat. Nicki Minaj & M.I.A.
19%
Numb Usher
18%
Drunk In The Morning Lukas Graham
16%
Settle Down No Doubt
11%
Forgive Forget Caligola
10%
Waiting For The Night Nelly Furtado
5%
Finders Keepers Miriam Bryant
2%
Keine übereinstimmenden Quizze gefunden
Verteilung der Resultate
Anzahl Personen mit jedem Resultat
Perzentil nach korrekt beantworteten Fragen
Ihre Resultats-Entwicklung
Sie haben dieses Quiz noch nicht gespielt